000 01039nam a2200301 i 4500
001 bg
245 0 0 _aKomputerowe systemy pomiarowe :
_bćwiczenia laboratoryjne /
_cAndrzej Jurkowski [et al.].
260 _aPoznań :
_bWydawnictwo Politechniki Poznańskiej,
_c2007.
300 _a186 s. :
_bil. ;
_c24 cm.
504 _aBibliogr. s. 185-186.
650 9 _aPomiary
_xoprogramowanie
650 9 _aPrzyrządy pomiarowe
_xoprogramowanie
650 9 _aInterfejsy sprzętowe
650 9 _aLabVIEW
_xprogramowanie
650 9 _aVEE
_xprogramowanie
655 _aPodręczniki akademickie
700 1 _aJurkowski, Andrzej.
015 _aPB 26081/2007
020 _a9788371432521
040 _cBPK
041 0 _apol
044 _aPOL
080 _a621.317:531.7:004.4](075.8)
920 _a978-83-7143-252-1
942 _cKS
008 080321s2007 pl a |000 0 pol
999 _c54399
_d54399
856 _uhttp://koha.tu.koszalin.pl/cgi-bin/koha/opac-detail.pl?biblionumber=54399
_yKatalog online BPK